Utilización de las tecnologías de la información y comunicación (TIC´S) en la enseñanza de la asignatura de informática de Bachillerato General en los institutos de Sensuntepeque, Departamento de Cabañas (Registro nro. 27434)
[ vista simple ]
| 000 -CABECERA | |
|---|---|
| Longitud fija campo de control | 01075nam a22002057a 4500 |
| 003 - IDENTIFICADOR DELl NÚMERO DE CONTROL | |
| Identificador del número de control | OSt |
| 005 - FECHA Y HORA DE LA ÚLTIMA TRANSACCIÓN | |
| Fecha y hora de la última transacción | 20171005094605.0 |
| 008 - CÓDIGOS DE INFORMACIÓN DE LONGITUD FIJA | |
| Códigos de información de longitud fija | 150409b2013 slv spa |
| 040 ## - FUENTE DE LA CATALOGACIÓN | |
| Centro transcriptor | CRI |
| 082 ## - NÚMERO DE LA CLASIFICACIÓN DECIMAL DEWEY | |
| Númeroo de clasificación | 004 |
| 100 ## - PUNTO DE ACCESO PRINCIPAL-NOMBRE DE PERSONA | |
| 9 (RLIN) | 40940 |
| Nombre de persona | Alfaro Esperanza, Carmen Aracely |
| 245 10 - MENCIÓN DE TÍTULO | |
| Título | Utilización de las tecnologías de la información y comunicación (TIC´S) en la enseñanza de la asignatura de informática de Bachillerato General en los institutos de Sensuntepeque, Departamento de Cabañas |
| Resto del título | : Investigación |
| Mención de responsabilidad, etc. | Carmen arecely Alfaro Esperanza, Felicita del Socorro Maradiaga Leiva |
| 260 ## - PUBLICACIÓN, DISTRIBUCIÓN, ETC. (PIE DE IMPRENTA) | |
| Lugar de publicación, distribución, etc. | Ilobasco (Cabañas) |
| Nombre del editor, distribuidor, etc. | Universidad Católica de El Salvador Centro Regional de Ilobasco |
| Fecha de publicación, distribución, etc. | 2014 |
| 300 ## - DESCRIPCIÓN FÍSICA | |
| Extensión | 61 p. |
| Dimensiones | 27.5 cm |
| Material anejo | + 1 disco compacto |
| 502 ## - NOTA DE TESIS | |
| Nota de tesis | Para optar al título de Ingeniero en Sistemas Informáticos |
| 650 #0 - PUNTO DE ACCESO ADICIONAL DE MATERIA - TÉRMINO DE MATERIA | |
| 9 (RLIN) | 2268 |
| Término de materia o nombre geográfico como elemento inicial | Nuevas tecnologías de la información y de la comunicación |
| 700 ## - PUNTO DE ACCESO ADICIONAL - NOMBRE DE PERSONA | |
| 9 (RLIN) | 40942 |
| Nombre de persona | Maradiaga Leiva, Felicita del Socorro |
| 710 ## - PUNTO DE ACCESO ADICIONAL - NOMBRE DE ENTIDAD | |
| 9 (RLIN) | 40915 |
| Nombre de entidad o nombre de jurisdicción como elemento inicial | Universidad Católica de El Salvador |
| Unidad subordinada | Centro Regional de Ilobasco |
| 942 ## - ENTRADA DE ELEMENTOS AGREGADOS (KOHA) | |
| Fuente de clasificaión o esquema | Dewey Decimal Classification |
| Koha [por defecto] tipo de item | 4- Trabajo de Graduación |
| Parte de clasificación | prozim |
| Suprimido | Perdido | Fuente de clasificación o esquema | Estropeado | Restricciones de uso | No para préstamo | Código de colección | Localización permanente | Localización actual | Localización en estanter&íacute;as | Fecha adquisición | Fuente de adquisición | Número de inventario | Préstamos totales | Renovaciones totales | Signatura completa | Código de barras | Fecha última consulta | Fecha último préstamo | Fecha del precio de reemplazo | Tipo de item de Koha |
|---|---|---|---|---|---|---|---|---|---|---|---|---|---|---|---|---|---|---|---|---|
| NULL | NULL | Dewey Decimal Classification | NULL | Prestable | NULL | NULL | Biblioteca Centro Regional de Ilobasco | Biblioteca Centro Regional de Ilobasco | Sala Principal | 05/07/2014 | CRI | 000001 | 16 | 1 | IN-000001 | 1041236 | 31/08/2019 | 24/08/2019 | 30/03/2017 | 4- Trabajo de Graduación |